000 00252nam a2200097Ia 4500
008 230907s9999||||xx |||||||||||||| ||und||
082 _a621.4021
_bDIT
245 0 _aHeat & Thermodynamics /
260 _aTata Mcgraw Hill,
_bNew Delhi :
_c2006
942 _cBK
999 _c598836
_d598836